[Event "VIE-ch U09"]
[Site "Ho Chi Minh City"]
[Date "2014.07.17"]
[Round "7"]
[White "Le, Thanh Vinh"]
[Black "La, Hoang Bach"]
[Result "1-0"]
[WhiteElo "1447"]
[BlackElo "1536"]
[PlyCount "52"]
[EventDate "2014.07.13"]
[EventType "swiss"]
[EventRounds "9"]
[EventCountry "VIE"]
[SourceTitle "EXT 2016"]
[Source "ChessBase"]
[SourceDate "2015.10.08"]
[SourceVersion "1"]
[SourceVersionDate "2015.10.08"]
[SourceQuality "1"]

1. e4 e5 2. Nf3 Nc6 3. Bc4 Bc5 4. c3 Nf6 5. d4 exd4 6. cxd4 Bb4+ 7. Nc3 Bxc3+ 8. bxc3 d5 9. exd5 Nxd5 10. Qb3 Nce7 11. Ba3 0-0 12. Bxd5 Qxd5 13. Qxd5 Nxd5 14. Bxf8 Kxf8 15. Rc1 Nf4 16. 0-0 Ne2+ 17. Kh1 Nxc1 18. Rxc1 Be6 19. c4 c6 20. Nd2 Rd8 21. Nb3 b6 22. h3 Ke7 23. Kh2 Kf6 24. Kg3 Kf5 25. f3 h5 26. Kf2 g5 1-0

[Event "VIE-ch U09"]
[Site "Ho Chi Minh City"]
[Date "2014.07.15"]
[Round "5"]
[White "Le, Thanh Vinh"]
[Black "Le, Quang Khai"]
[Result "1-0"]
[WhiteElo "1447"]
[BlackElo "1504"]
[PlyCount "63"]
[EventDate "2014.07.13"]
[EventType "swiss"]
[EventRounds "9"]
[EventCountry "VIE"]
[SourceTitle "EXT 2016"]
[Source "ChessBase"]
[SourceDate "2015.10.08"]
[SourceVersion "1"]
[SourceVersionDate "2015.10.08"]
[SourceQuality "1"]

1. d4 e6 2. Nf3 Nf6 3. e3 c5 4. c3 cxd4 5. cxd4 Bb4+ 6. Bd2 Be7 7. Bd3 b6 8. 0-0 0-0 9. Nc3 Bd6 10. Rc1 Nc6 11. a3 Qc7 12. Nb5 Qb8 13. Nxd6 Qxd6 14. Bb5 e5 15. Bxc6 dxc6 16. dxe5 Qe6 17. exf6 Qxf6 18. Bc3 Qg6 19. Qc2 Qh5 20. Qe4 Bf5 21. Qh4 Qxh4 22. Nxh4 Be4 23. b4 c5 24. bxc5 bxc5 25. Be5 Bd3 26. Rfd1 c4 27. Nf3 Be2 28. Rd2 Bd3 29. Ne1 Rad8 30. Bd4 Rfe8 31. Nxd3 cxd3 32. Rxd3 1-0

[Event "VIE-ch U09"]
[Site "Ho Chi Minh City"]
[Date "2014.07.15"]
[Round "4"]
[White "Pham, Anh Dung"]
[Black "Le, Thanh Vinh"]
[Result "0-1"]
[WhiteElo "1520"]
[BlackElo "1447"]
[PlyCount "52"]
[EventDate "2014.07.13"]
[EventType "swiss"]
[EventRounds "9"]
[EventCountry "VIE"]
[SourceTitle "EXT 2016"]
[Source "ChessBase"]
[SourceDate "2015.10.08"]
[SourceVersion "1"]
[SourceVersionDate "2015.10.08"]
[SourceQuality "1"]

1. e4 e5 2. Nf3 Nc6 3. Bc4 Bc5 4. Nc3 Nf6 5. d3 h6 6. 0-0 0-0 7. Be3 Nd4 8. Nxe5 d6 9. Ng6 Re8 10. h3 Be6 11. Bxe6 Nxe6 12. Nf4 Nxf4 13. Bxf4 Nd7 14. Be3 Qf6 15. Bxc5 Nxc5 16. f4 c6 17. Qf3 Ne6 18. Rae1 Nd4 19. Qf2 a6 20. Qd2 Nb5 21. e5 dxe5 22. fxe5 Qg6 23. d4 Rad8 24. Nxb5 axb5 25. c3 Qe6 26. a3 Qd5 0-1

[Event "VIE-ch U09"]
[Site "Ho Chi Minh City"]
[Date "2014.07.14"]
[Round "3"]
[White "Le, Thanh Vinh"]
[Black "Nguyen, Huu Khang"]
[Result "1-0"]
[WhiteElo "1447"]
[BlackElo "1502"]
[PlyCount "57"]
[EventDate "2014.07.13"]
[EventType "swiss"]
[EventRounds "9"]
[EventCountry "VIE"]
[SourceTitle "EXT 2016"]
[Source "ChessBase"]
[SourceDate "2015.10.08"]
[SourceVersion "1"]
[SourceVersionDate "2015.10.08"]
[SourceQuality "1"]

1. d4 d5 2. Nf3 Nf6 3. g3 Bf5 4. Bg2 e6 5. 0-0 Nc6 6. Nbd2 Bd6 7. Nh4 Bg6 8. Nxg6 hxg6 9. Nf3 Qe7 10. b3 0-0-0 11. Bb2 Rh7 12. Rc1 Rdh8 13. h4 e5 14. e3 e4 15. Bh3+ Kb8 16. Nd2 g5 17. h5 Rxh5 18. Bg2 Nd7 19. c4 Nb6 20. c5 Qf6 21. Re1 Qh6 22. Kf1 Rh1+ 23. Bxh1 Qxh1+ 24. Ke2 Qh2 25. Rh1 Qxh1 26. Qxh1 Rxh1 27. Rxh1 g6 28. cxb6 axb6 29. g4 1-0